SSC Napoli Squad 2021-2022 - Statistics

General Stats
  • This quiz has been taken 344 times
    279 since last reset
  • The average score is 22 of 27
Answer Stats
# Position Nation Player % Correct
1 GK Italy Alex Meret
97%
11 FW Mexico Hirving Lozano
95%
26 DF Senegal Kalidou Koulibaly
95%
25 GK Colombia David Ospina
94%
6 DF Portugal Mário Rui
94%
9 FW Nigeria Victor Osimhen
93%
20 MF Poland Piotr Zieliński
92%
14 FW Belgium Dries Mertens
91%
7 MF North Macedonia Eljif Elmas
90%
99 MF Cameroon André Zambo Anguissa
88%
24 FW Italy Lorenzo Insigne
88%
8 MF Spain Fabián Ruiz
87%
44 DF Greece Kōnstantinos Manōlas
86%
21 FW Italy Matteo Politano
83%
68 MF Slovakia Stanislav Lobotka
83%
22 DF Italy Giovanni Di Lorenzo
82%
- Coach Italy Luciano Spalletti
82%
13 DF Kosovo Amir Rrahmani
81%
4 MF Germany Diego Demme
81%
5 DF Brazil Juan Jesus
77%
31 DF Algeria Faouzi Ghoulam
74%
2 DF Morocco Kévin Malcuit
73%
33 FW Algeria Adam Ounas
71%
3 DF England Axel Tuanzebe
60%
59 DF Italy Alessandro Zanoli
57%
37 FW Italy Andrea Petagna
57%
12 GK Italy Davide Marfella
51%
No matching quizzes found
Score Distribution
Percent of People with Each Score
Percentile by Number Answered
Your Score History
You have not taken this quiz since the last reset